000 00527cam a22002171 4500
001 sa 68004757
003 DLC
005 20260227112503.0
008 941010q19581959np 000 0 newo
010 _asa 68004757
025 _aPL480:N-266
035 _a(OCoLC)31253095
040 _aDLC
_cCU
_dCU
_dDLC
042 _apremarc
050 0 0 _aPL3801.N59
_bN3
100 1 _aNaḥghaḥbhanī, Tīrthalāla,
_d1931-
245 1 0 _aBvaghāsā.
260 _c[1958 or 9]
300 _a2, 61 p.
_c18 cm.
500 _aIn Newari.
999 _c80323
_d80323